000 00324nam a22001457a 4500
003 SGT
020 _a13:978-1-60831-856-8
082 _a618.92, P13T
100 _aTHAPA, MAHESH
245 _aPEDIATRIC IMAGING
260 _aPHILADELPHIA
_bWOLTERS KLUWER
_c2013
300 _a512
650 _aPEDIATRIC
942 _2ddc
_cBK
999 _c8423
_d8423